[Event "AUTO-INT-784"]
[Site "http://www.queenalice.com/game.php?id=350366"]
[Date "2008.2.7"]
[Round "1"]
[White "aarongale"]
[Black "Jac"]
[Result "1/2-1/2"]
[WhiteElo "1689"]
[BlackElo "1776"]

1. e4 e5 2. Nf3 d6 3. Bc4 h6 4. Nc3 Nf6 5. d4 exd4 6. Nxd4 c6 7. O-O Be7 8. Re1
d5 9. exd5 cxd5 10. Bb3 O-O 11. h3 Bb4 12. a3 Bxc3 13. bxc3 Qc7 14. Re3 Nc6 15.
Qf3 Ne7 16. a4 Be6 17. Nxe6 fxe6 18. Ba3 a6 19. Rae1 Ne4 20. Qg4 Rae8 21. Qxe6+
Kh8 22. Bxe7 Rxe7 23. Qxd5 Nxc3 24. Rxe7 Nxd5 25. Rxc7 Nxc7 26. Re7 Rc8 27. f4
b5 28. c4 bxc4 29. Bxc4 Kh7 30. Bd3+ Kg8 31. Bg6 Nd5 32. Ra7 Nxf4 33. Rxa6 Nxg6
34. Rxg6 Ra8 35. Rg4 Kh7 36. Rb4 h5 37. h4 g6 38. Kh2 Kh6 39. Kh3 Ra6 40. g3 Ra5
41. g4 hxg4+ 42. Rxg4 Rc5 43. Rb4 Rc3+ 44. Kg4 Rc5 45. Kg3 Rc3+ 46. Kg4 Rc5 47.
Kf3 Rc3+ 48. Ke4 Rc5 1/2-1/2

[Event "AUTO-INT-784"]
[Site "http://www.queenalice.com/game.php?id=350367"]
[Date "2008.2.7"]
[Round "1"]
[White "Jac"]
[Black "aarongale"]
[Result "0-1"]
[WhiteElo "1697"]
[BlackElo "1696"]

1. e4 g6 2. d4 Bg7 3. Nf3 c5 4. dxc5 Qa5+ 5. Nc3 Qxc5 6. Bd2 e6 7. Bd3 Ne7 8.
O-O O-O 9. Qe2 Nbc6 10. a3 d5 11. exd5 exd5 12. Rae1 Re8 13. Qe3 d4 14. b4 dxe3
15. bxc5 exd2 0-1

[Event "AUTO-INT-784"]
[Site "http://www.queenalice.com/game.php?id=350368"]
[Date "2008.2.7"]
[Round "1"]
[White "aarongale"]
[Black "silverado"]
[Result "1-0"]
[WhiteElo "1683"]
[BlackElo "1831"]

1. e4 e5 2. Nf3 Nc6 3. Bc4 h6 4. Nc3 d6 5. d3 Nge7 6. Nd5 Bg4 7. h3 Be6 8. O-O
Bxd5 9. exd5 Na5 10. Bb5+ c6 11. Ba4 b5 12. Bb3 cxd5 13. a4 b4 14. Ba2 d4 15.
Nd2 d5 16. Re1 Ng6 17. Qf3 f6 18. Bxd5 Rc8 19. Nc4 Nh4 20. Qh5+ g6 21. Qxh4 Qxd5
22. Qxf6 Nxc4 23. Qxh8 Rc5 24. dxc4 Qxc4 25. Rxe5+ Rxe5 26. Qxe5+ Be7 27. Qh8+
Kd7 28. Bxh6 Qxc2 29. Qxd4+ Kc6 30. Qxa7 Bc5 31. Qa8+ Kb6 32. a5+ Kb5 33. Qb7+
Kc4 34. Rc1 Bxf2+ 35. Kh1 Qxc1+ 36. Bxc1 Bd4 37. Qc6+ Kd3 38. Qxg6+ Kc4 39. Qg4
Kd5 40. Qf3+ Kc4 41. b3+ Kb5 42. a6 Kb6 43. Be3 Bxe3 44. Qxe3+ Kb5 45. a7 Ka5
46. a8=Q+ Kb5 47. Qb7+ 1-0

[Event "AUTO-INT-784"]
[Site "http://www.queenalice.com/game.php?id=350369"]
[Date "2008.2.7"]
[Round "1"]
[White "silverado"]
[Black "aarongale"]
[Result "1-0"]
[WhiteElo "1725"]
[BlackElo "1716"]

1. e4 g6 2. d4 Bg7 3. c3 c5 4. dxc5 b6 5. Qd5 Nc6 6. Bg5 h6 7. Be3 Nf6 8. Qc4
Ne5 9. Qd4 Nc6 10. Qc4 a5 11. cxb6 Ba6 12. Qa4 Bxf1 13. Kxf1 Ng4 14. Bf4 Qxb6
15. Qc2 Rc8 16. h3 Nge5 17. Ne2 f5 18. exf5 gxf5 19. b3 Ng6 20. Qxf5 Nxf4 21.
Nxf4 Rf8 22. Qg6+ Kd8 23. Qxg7 Rxf4 24. Qg8+ Kc7 25. Qg3 Rf8 26. f3 Qe3 27. Na3
Qxc3 28. Nb5+ 1-0

[Event "AUTO-INT-784"]
[Site "http://www.queenalice.com/game.php?id=350370"]
[Date "2008.2.7"]
[Round "1"]
[White "aarongale"]
[Black "ray"]
[Result "1-0"]
[WhiteElo "1724"]
[BlackElo "1733"]

1. e4 c5 2. Nf3 Nc6 3. Bc4 d6 4. Nc3 g6 5. d3 Bg7 6. O-O Nf6 7. Ng5 O-O 8. Ne2
e6 9. c3 d5 10. exd5 exd5 11. Bb3 Na5 12. Ba4 Bd7 13. Bxd7 Qxd7 14. d4 cxd4 15.
Nxd4 Ng4 16. f3 Nf6 17. b3 Nc6 18. Ba3 Rfe8 19. Qd3 Ne5 20. Qd2 Nc6 21. Nxc6
Qxc6 22. Rae1 Nh5 23. g4 Bxc3 24. Rxe8+ Rxe8 25. Qc1 Rc8 26. Qd1 Nf4 27. Kh1 d4
28. Ne4 b5 29. Nxc3 Qxc3 30. Bd6 Nh3 31. Kg2 Ng5 32. h4 Ne6 33. Kg3 Qe3 34. Re1
Qc3 35. Re4 Rd8 36. Be7 Rd7 37. Bf6 Nc5 38. Re8# 1-0

[Event "AUTO-INT-784"]
[Site "http://www.queenalice.com/game.php?id=350371"]
[Date "2008.2.7"]
[Round "1"]
[White "ray"]
[Black "aarongale"]
[Result "0-1"]
[WhiteElo "1676"]
[BlackElo "1740"]

1. c4 g6 2. Nc3 Bg7 3. g3 c5 4. Bg2 e6 5. Nf3 Nc6 6. O-O Nge7 7. Qc2 Nb4 8. Qb1
b6 9. Ng5 h6 10. Nge4 d5 11. cxd5 Nbxd5 12. e3 Nxc3 13. Nxc3 Bxc3 14. bxc3 Rb8
15. d4 c4 16. Ba3 b5 17. Rd1 a6 18. Qe4 f5 19. Qe5 O-O 20. Qf4 Bb7 21. Qxh6 Bxg2
22. Bxe7 Qxe7 23. Qxg6+ Kh8 24. Kxg2 Rf7 25. d5 exd5 26. Rxd5 Qe4+ 27. f3 Qxd5
28. e4 Qd2+ 29. Kh1 Rg7 30. Qxf5 Qxc3 31. Rg1 Kg8 32. Qe6+ Rf7 33. Qg6+ Qg7 34.
Qxa6 Rxf3 35. Qe6+ Qf7 36. Qd6 Rf8 37. e5 Rf1 38. e6 Rxg1+ 39. Kxg1 Qf1# 0-1

[Event "AUTO-INT-801"]
[Site "http://www.queenalice.com/game.php?id=357449"]
[Date "2008.2.20"]
[Round "1"]
[White "aarongale"]
[Black "marvgiff"]
[Result "1-0"]
[WhiteElo "1727"]
[BlackElo "1685"]

1. e4 e5 2. Nf3 Nc6 3. Bc4 Nd4 4. Nxe5 Qg5 5. Ng4 Nxc2+ 6. Qxc2 Qxg4 7. O-O Bc5
8. d3 Qg6 9. Bf4 d6 10. Kh1 Bd7 11. Nc3 Nf6 12. Nd5 Nxd5 13. Bxd5 O-O 14. Bxb7
Rab8 15. Ba6 Bc6 16. f3 Rb6 17. Bc4 Rfb8 18. b3 Bd4 19. Rac1 h5 20. h4 Qf6 21.
g3 Be5 22. Bxe5 Qxe5 23. f4 Qf5 24. Kh2 Qg4 25. d4 Bd7 26. f5 Bb5 27. Rf4 Bxc4
28. Rxg4 hxg4 29. Qxc4 a5 30. e5 dxe5 31. Qxc7 exd4 32. Qf4 d3 33. Qxg4 Rd8 34.
Rd1 Rc6 35. Rd2 Rc2 36. Rxc2 dxc2 37. Qc4 Rd2+ 38. Kh3 Rf2 39. g4 Kh8 40. Kg3
Kh7 41. Kxf2 1-0

[Event "AUTO-INT-801"]
[Site "http://www.queenalice.com/game.php?id=357450"]
[Date "2008.2.20"]
[Round "1"]
[White "marvgiff"]
[Black "aarongale"]
[Result "0-1"]
[WhiteElo "1693"]
[BlackElo "1705"]

1. d4 g6 2. e4 Bg7 3. e5 d6 4. f4 dxe5 5. fxe5 f6 6. Nf3 Bf5 7. Bc4 Nc6 8. O-O
fxe5 9. Bxg8 Rxg8 10. dxe5 Qc8 11. Bf4 h6 12. Nc3 g5 13. Be3 Nxe5 14. Nxe5 Bxe5
15. Rxf5 Qxf5 16. Qe2 Bxc3 17. Rf1 Qa5 18. bxc3 Qxc3 19. Qh5+ Kd8 20. Rd1+ Kc8
21. Qf7 Qxe3+ 22. Kh1 Rd8 23. Rf1 Qe2 24. h3 Rd1 25. Rxd1 Qxd1+ 26. Kh2 Qd6+ 27.
Kh1 b6 28. Qe8+ Kb7 29. Qh5 Rf8 0-1

[Event "AUTO-INT-801"]
[Site "http://www.queenalice.com/game.php?id=357451"]
[Date "2008.2.20"]
[Round "1"]
[White "aarongale"]
[Black "Chazam"]
[Result "1-0"]
[WhiteElo "1704"]
[BlackElo "1594"]

1. e4 d5 2. exd5 Qxd5 3. Nc3 Qe6+ 4. Be2 Bd7 5. Nf3 h6 6. Nd4 Qg6 7. O-O Bh3 8.
Bf3 c6 9. Kh1 Bd7 10. d3 e6 11. Re1 Nf6 12. a3 Bc5 13. Nb3 Bxf2 14. Re2 Bb6 15.
a4 O-O 16. a5 Bc7 17. Be3 Nh5 18. Rf2 e5 19. Bxh5 Qd6 20. Bc5 Qe6 21. Bxf8 Kxf8
22. Nc5 Qe7 23. Rxf7+ Qxf7 24. Bxf7 Kxf7 25. Qh5+ Kg8 26. Nxd7 Nxd7 27. Ne4 Rf8
28. h3 a6 29. b4 Kh7 30. Ng5+ Kg8 31. Ne6 Nf6 32. Qf5 Rf7 33. Nxc7 Rxc7 34. Qxe5
Rd7 35. Qe6+ 1-0

[Event "AUTO-INT-801"]
[Site "http://www.queenalice.com/game.php?id=357452"]
[Date "2008.2.20"]
[Round "1"]
[White "Chazam"]
[Black "aarongale"]
[Result "0-1"]
[WhiteElo "1582"]
[BlackElo "1716"]

1. d4 g6 2. e4 Bg7 3. Be3 Nc6 4. Nf3 e6 5. c4 Nf6 6. Nc3 O-O 7. Bd3 Ng4 8. d5
Bxc3+ 9. bxc3 Nxe3 10. fxe3 Ne7 11. e5 b6 12. O-O Bb7 13. d6 Nc6 14. Nd4 Nxe5
15. dxc7 Qxc7 16. Nb5 Qc5 17. Rf4 Qxe3+ 18. Rf2 Nxd3 19. Qc2 Nxf2 20. Qxf2 Qxf2+
21. Kxf2 Ba6 22. Nc7 Bxc4 23. Nxa8 Rxa8 24. Rd1 d5 25. a3 Rc8 26. Kg1 Rc5 27. h3
Bb3 28. Rf1 Rxc3 29. Kh1 f5 30. Kh2 Ba2 31. a4 Ra3 32. Rc1 Rxa4 33. Rc8+ Kg7 34.
Rc7+ Kh6 35. Rc6 d4 36. Rxe6 Bxe6 0-1

[Event "AUTO-INT-801"]
[Site "http://www.queenalice.com/game.php?id=357453"]
[Date "2008.2.20"]
[Round "1"]
[White "aarongale"]
[Black "LuizFernandes"]
[Result "0-1"]
[WhiteElo "1721"]
[BlackElo "1700"]

1. e4 d5 2. exd5 Qxd5 3. Nc3 Qa5 4. Nf3 Bf5 5. Bc4 c6 6. d3 e6 7. a3 Nf6 8. b4
Qc7 9. g3 Bd6 10. Nd4 Bg6 11. Bg5 Nd5 12. Bxd5 cxd5 13. O-O O-O 14. Ncb5 Qd7 15.
Qd2 Nc6 16. Nxc6 bxc6 17. Nxd6 Qxd6 18. Be3 d4 19. Bf4 e5 20. Bg5 f6 21. Bh4 c5
22. b5 e4 23. a4 exd3 24. cxd3 a6 25. Rfb1 axb5 26. Rxb5 Be8 27. Ra5 Bc6 28.
Rxa8 Rxa8 29. Qd1 Qd5 30. f3 g5 31. Kg2 gxh4 32. g4 Kf7 33. h3 Rg8 34. Qd2 h5
35. Qh6 Qxf3+ 0-1

[Event "AUTO-INT-801"]
[Site "http://www.queenalice.com/game.php?id=357454"]
[Date "2008.2.20"]
[Round "1"]
[White "LuizFernandes"]
[Black "aarongale"]
[Result "1-0"]
[WhiteElo "1577"]
[BlackElo "1692"]

1. e4 g6 2. d4 Bg7 3. Nf3 c5 4. dxc5 Qa5+ 5. c3 Qxc5 6. Be3 Qa5 7. Bc4 e6 8. O-O
Nc6 9. Nbd2 d5 10. exd5 exd5 11. Bb3 Bf5 12. Re1 O-O-O 13. Nd4 Nxd4 14. Bxd4
Bxd4 15. cxd4 Qb4 16. Rc1+ Kb8 17. Bxd5 Rxd5 18. Re8+ 1-0

[Event "Gera"]
[Site "http://www.queenalice.com/game.php?id=359876"]
[Date "2008.2.24"]
[Round "1"]
[White "aarongale"]
[Black "rubenov"]
[Result "0-1"]
[WhiteElo "1689"]
[BlackElo "1943"]

1. e4 c5 2. Bc4 b6 3. Nc3 e6 4. Nf3 Bb7 5. d3 h6 6. O-O Nc6 7. Bf4 Nge7 8. Bd6
Ng6 9. Nb5 Rc8 10. Re1 a6 11. Bxf8 axb5 12. Bxb5 Nxf8 13. Bxc6 Bxc6 14. Qd2 Ng6
15. d4 O-O 16. dxc5 bxc5 17. c4 Qb6 18. b3 Rfd8 19. Rad1 Qb7 20. Qc2 Ne7 21. Qc3
Bxe4 22. Qe3 Bxf3 23. gxf3 Nf5 24. Qc3 Nd4 25. Re3 d5 26. f4 Nf5 27. Red3 d4 28.
a3 Qe4 29. Qd2 Nh4 30. Kf1 Qg2+ 31. Ke2 Qxh2 32. Re1 Nf5 33. Kd1 Qg2 34. Re2 Qa8
35. a4 Rb8 36. Re1 Rb4 37. Kc2 Rdb8 38. Rb1 Qb7 39. Qe1 Qg2 40. Rd2 Nh4 41. Re2
Qf3 42. Rxe6 fxe6 43. Qxe6+ Kh8 44. Qd6 Qxf2+ 0-1

[Event "Gera"]
[Site "http://www.queenalice.com/game.php?id=359885"]
[Date "2008.2.24"]
[Round "2"]
[White "Bebeto"]
[Black "aarongale"]
[Result "1-0"]
[WhiteElo "2117"]
[BlackElo "1741"]

1. e4 g6 2. Bc4 Bg7 3. Qf3 e6 4. Ne2 Nc6 5. d4 Nxd4 6. Nxd4 Bxd4 7. Nc3 c5 8.
Be3 Bxc3+ 9. bxc3 Qa5 10. Bf4 Ne7 11. Be5 Rg8 12. O-O Nc6 13. Bd6 a6 14. a4 Qd8
15. Rfd1 f6 16. Bxc5 Ne5 17. Qe2 b6 18. Ba3 Nxc4 19. Qxc4 Bb7 20. Bd6 Rc8 21.
Qd3 Kf7 22. Ba3 f5 23. Qxd7+ Qxd7 24. Rxd7+ Kf6 25. Rxb7 Rxc3 26. Bb2 1-0

[Event "AUTO-INT-558"]
[Site "http://www.queenalice.com/game.php?id=370681"]
[Date "2008.3.13"]
[Round "2"]
[White "aarongale"]
[Black "rafaeldias"]
[Result "1-0"]
[WhiteElo "1726"]
[BlackElo "1699"]

1. e4 Nc6 2. Bc4 e6 3. Nc3 a6 4. Nf3 b5 5. Bb3 Bb7 6. d3 Bb4 7. Bd2 Bxc3 8. Bxc3
e5 9. Nxe5 Nxe5 10. Bxe5 f6 11. Qf3 Qe7 12. Bxc7 Rc8 13. Ba5 h5 14. O-O-O g5 15.
Bc3 Rh6 16. Bxg8 g4 17. Qf4 Rg6 18. Bb3 b4 19. Bd4 a5 20. Ba4 Bc6 21. Bb3 Rd8
22. Qc7 f5 23. e5 Bxg2 24. Bc5 Qg5+ 25. Kb1 Bxh1 26. Rxh1 Rc6 27. Qxa5 f4 28.
Bxb4 Qg6 29. Re1 h4 30. Bd6 Rdc8 31. Re4 g3 32. Rxf4 Rxd6 33. Bf7+ Qxf7 34. Rxf7
Kxf7 35. exd6 g2 36. Qd5+ Kf6 37. Qxg2 Ke6 38. Qg6+ Kd5 39. c4+ Kd4 40. Qe4+ Kc5
41. Qe5+ Kc6 42. Qd5+ Kb6 43. Qb5+ Ka7 44. Qxd7+ Kb8 45. b4 1-0

[Event "AUTO-INT-558"]
[Site "http://www.queenalice.com/game.php?id=370682"]
[Date "2008.3.13"]
[Round "2"]
[White "rafaeldias"]
[Black "aarongale"]
[Result "1-0"]
[WhiteElo "1727"]
[BlackElo "1741"]

1. e4 g6 2. d4 Bg7 3. Nf3 c5 4. c3 b6 5. Bc4 e6 6. O-O d5 7. Bb5+ Bd7 8. a4 dxe4
9. Ng5 Nf6 10. Be3 Bxb5 11. axb5 Qd5 12. c4 Qxc4 13. dxc5 Qxb5 14. cxb6 a6 15.
Nc3 Qd7 16. Bd4 O-O 17. Ngxe4 Nxe4 18. Bxg7 Nxc3 19. Bxc3 Qb5 20. Qf3 Nc6 21.
Qf6 e5 22. Rfe1 Nd4 23. Rxe5 Ne2+ 24. Rxe2 1-0

[Event "AUTO-INT-558"]
[Site "http://www.queenalice.com/game.php?id=370683"]
[Date "2008.3.13"]
[Round "2"]
[White "aarongale"]
[Black "fera77"]
[Result "0-1"]
[WhiteElo "1739"]
[BlackElo "1812"]

1. e4 c5 2. Bc4 e6 3. Nc3 a6 4. a3 Qc7 5. d3 b5 6. Ba2 Bb7 7. g3 Nc6 8. Nf3 Nf6
9. Bg5 Be7 10. Bf4 Bd6 11. Bxd6 Qxd6 12. O-O h5 13. Re1 e5 14. Ng5 c4 15. dxc4
Qxd1 16. Raxd1 O-O 17. cxb5 Nd4 18. Rd2 axb5 19. Ne2 Nxe4 20. Nxe4 Nf3+ 21. Kf1
Bxe4 22. Red1 Nxd2+ 23. Rxd2 Rfd8 24. Nc3 Bc6 25. b4 Rxa3 26. Rd3 e4 27. Re3 d5
28. Nxd5 Rxe3 29. fxe3 Bxd5 30. Bxd5 Rxd5 31. Ke1 Kf8 32. Ke2 Ke7 33. h4 Ke6 0-1

[Event "AUTO-INT-558"]
[Site "http://www.queenalice.com/game.php?id=370684"]
[Date "2008.3.13"]
[Round "2"]
[White "fera77"]
[Black "aarongale"]
[Result "1-0"]
[WhiteElo "1801"]
[BlackElo "1753"]

1. e4 g6 2. d4 Bg7 3. Bc4 c5 4. Qf3 e6 5. Ne2 cxd4 6. c3 dxc3 7. Nbxc3 Nc6 8.
O-O Nge7 9. Be3 Ne5 10. Qh3 Nxc4 11. Bd4 Bxd4 12. Nxd4 d5 13. Rad1 Nxb2 14. Rd2
Nc4 15. Rd3 e5 16. Qh6 exd4 17. exd5 dxc3 18. Qg7 Rf8 19. Re1 Nd6 20. Qxh7 Qc7
21. Qh4 f6 22. Qh7 Kd8 23. Rxc3 Qd7 24. Qg7 Ndf5 25. Qxf8+ Qe8 26. Qxf6 Kd7 27.
Qe6+ Kd8 28. Qe5 Qd7 29. Qh8+ Qe8 30. Qe5 Bd7 31. Qc7# 1-0

[Event "AUTO-INT-558"]
[Site "http://www.queenalice.com/game.php?id=370685"]
[Date "2008.3.13"]
[Round "2"]
[White "aarongale"]
[Black "joacijc"]
[Result "0-1"]
[WhiteElo "1733"]
[BlackElo "1891"]

1. e4 e5 2. Nf3 Nc6 3. Nc3 Nf6 4. d4 exd4 5. Nxd4 Bc5 6. Nxc6 bxc6 7. e5 Nd5 8.
Nxd5 cxd5 9. Qxd5 Bxf2+ 10. Kxf2 c6 11. Qf3 Qb6+ 12. Ke1 O-O 13. Qg3 Re8 14. Bh6
Qa5+ 15. Kd1 Qd5+ 16. Bd3 g6 17. Re1 c5 18. c4 Qe6 19. Kd2 Bb7 20. Re2 f5 21.
exf6 Qxf6 22. Rxe8+ Rxe8 23. Re1 Qxb2+ 24. Bc2 Qd4+ 25. Kc1 Qa1+ 26. Bb1 Rxe1+
27. Qxe1 Kf7 28. Qf2+ Qf6 29. Qxc5 Qf1+ 30. Kc2 Be4+ 31. Kc3 Qe1+ 32. Kd4 Qg1+
33. Be3 Qxb1 34. Ke5 Bc6 35. Kd4 Qxa2 36. Ke5 Qxg2 37. Qd4 Qxh2+ 38. Bf4 Qh4 39.
Qd6 Qe7+ 0-1

[Event "AUTO-INT-558"]
[Site "http://www.queenalice.com/game.php?id=370686"]
[Date "2008.3.13"]
[Round "2"]
[White "joacijc"]
[Black "aarongale"]
[Result "1-0"]
[WhiteElo "1865"]
[BlackElo "1741"]

1. d4 g6 2. Bf4 Bg7 3. e3 c5 4. c3 d6 5. dxc5 b6 6. cxd6 exd6 7. Qxd6 Qxd6 8.
Bxd6 Nd7 9. Na3 Bb7 10. Nb5 Rc8 11. Nxa7 Rc4 12. Bxc4 Bxg2 13. Nb5 Bxh1 14.
O-O-O Ngf6 15. Nc7+ Kd8 16. Bxf7 Bf8 17. Ne6+ Kc8 18. Nxf8 Nxf8 19. Be5 N8d7 20.
Be6 Rf8 21. Bxf6 Rxf6 22. Bxd7+ Kc7 23. Bb5 Rxf2 24. Nh3 Rxh2 25. Rd7+ Kc8 26.
Rxh7 Bg2 27. Ng5 Rh5 28. Rxh5 gxh5 29. Be2 h4 30. Kd2 Kd8 31. Ke1 Ke7 32. Bf3
Bxf3 33. Nxf3 1-0